STN EN ISO 15996: 2005 (07 8607) [neplatná], Fľaše na plyny. Ventily na zvyškový tlak. Všeobecné požiadavky a typová skúška (ISO 15996: 2005)
Táto normaje slovenskou verziou EN ISO 15996: 2005. Európska norma EN ISO 15996: 2005 má postavenie slovenskej technickej normy
| Corporate Author: | |
|---|---|
| Other Authors: | |
| Format: | Book |
| Language: | Slovak English |
| PhysicalDescription: | 20 s. obr., tab. 30 cm |
| Published: |
Bratislava
Slovenský ústav technickej normalizácie
2005
|
| Subjects: |
MARC
| LEADER | 00000nam a2200000 a 4500 | ||
|---|---|---|---|
| 001 | vtls008305088 | ||
| 003 | SK-MaSNL | ||
| 005 | 20260301074831.0 | ||
| 008 | 160624s2005 xo a f u 000 0 slo | ||
| 015 | |a SNBN2013 | ||
| 020 | |c (cen. skup. 11) | ||
| 040 | |a SNK |b slo |c SNK |e AACR2 | ||
| 041 | 1 | |a slo |h eng | |
| 044 | |a xo |c SK | ||
| 046 | |a m |m 20051001 (účin.) |n 20180301 (zruš.) | ||
| 072 | 7 | |a 66 |x Chemický priemysel. Chemická technológia |2 konspekt | |
| 072 | 7 | |a 621 |x Strojárstvo |2 konspekt | |
| 080 | |a 621.772 |2 2001 | ||
| 080 | |a 006.7/.8 |2 2001 | ||
| 080 | |a (437.6) |2 2001 | ||
| 080 | |a (4) |2 2001 | ||
| 080 | |a 66.076.5 |2 2001 | ||
| 080 | |a (083) |2 2001 | ||
| 084 | |a 23.020.30 |2 ICS | ||
| 130 | 0 | |a STN 07 8607 (STN EN ISO 15996) [neplatná] |9 398058 | |
| 245 | 1 | 0 | |a STN EN ISO 15996: 2005 (07 8607) [neplatná], Fľaše na plyny. Ventily na zvyškový tlak. Všeobecné požiadavky a typová skúška (ISO 15996: 2005) |
| 246 | 1 | 0 | |a Fľaše na plyny |
| 246 | 1 | 0 | |a Ventily na zvyškový tlak |
| 246 | 3 | 0 | |a ISO 15996: 2005 |
| 246 | 3 | 0 | |a EN ISO 15996: 2005 E |
| 260 | |a Bratislava |b Slovenský ústav technickej normalizácie |c 2005 | ||
| 300 | |a 20 s. |b obr., tab. |c 30 cm | ||
| 500 | |a Spracovateľ: Rudolf Rypák EMITA, Piešťany | ||
| 500 | |a Norma je nahradená anglickou verziou normy STN EN ISO 15996 z marca 2018, ktorú nahradila slovenská verzia STN EN ISO 15996 zo septembra 2018 v celom rozsahu | ||
| 504 | |a Citované normy s. 2 ; literatúra s. 18 | ||
| 520 | 8 | |a Táto normaje slovenskou verziou EN ISO 15996: 2005. Európska norma EN ISO 15996: 2005 má postavenie slovenskej technickej normy | |
| 540 | |a STN vydané na akomkoľvek nosiči sa môžu rozmnožovať a rozširovať iba so súhlasom určenej právnickej osoby |b SÚTN Bratislava |c zákon 264/1999 Z.z. | ||
| 650 | 0 | 7 | |a tlakové nádoby |2 SVKBBPH |9 73347 |
| 650 | 0 | 7 | |a tlakové ventily |2 SVKBBPH |9 398059 |
| 650 | 0 | 7 | |a technické normy a štandardy |z Slovensko |2 SNKPH |9 79594 |
| 650 | 0 | 7 | |a technické normy a štandardy |z krajiny Európskej únie |2 SNKPH |9 289341 |
| 650 | 0 | 7 | |a pressure vessels |2 SNKPHeng |9 301707 |
| 655 | 7 | |a normy |2 SNKPH |9 70643 | |
| 700 | 1 | |a Rypák, Rudolf |4 trl |9 303044 | |
| 710 | 2 | |a EMITA (Piešťany, Slovensko) |4 trl |9 166433 | |
| 710 | 2 | |a Slovenský ústav technickej normalizácie (Bratislava, Slovensko). |b Technická komisia č. 68 Kotly a tlakové nádoby |4 stn |9 320439 | |
| 774 | 1 | 8 | |t STN EN ISO 15996/A1: 2008 |d Bratislava: Slovenský ústav technickej normalizácie, 2008 |w vtls009298211 |
| 958 | |a NB | ||
| 958 | |a OP | ||
| 999 | |c 648367 |d 650297 | ||
| 952 | |a SNK |b SNK |y PREZ |7 0 |p 17A0485995 |o snkSTN EN ISO 15996 |i snk2005/17753 |8 0 |0 0 |1 0 |4 0 |d 2005-10-25 |l 0 |r 2026-02-23 18:14:10 |w 2026-02-23 | ||
| 952 | |a SNK |b SNK |y PREZ |7 0 |p 17A0485996 |o snkSTN EN ISO 15996 D1 |i snk2005/17754 |8 0 |0 0 |1 0 |4 0 |d 2005-10-25 |l 0 |r 2026-02-23 18:14:10 |w 2026-02-23 | ||


